Iglesia y conflicto social en Guatemala /
Guardado en:
| 主要作者: | |
|---|---|
| 格式: | Texto |
| 語言: | Spanish |
| 主題: | |
| 標簽: |
添加標簽
沒有標簽, 成為第一個標記此記錄!
|
MARC
| LEADER | 00000 a a2200000 04500 | ||
|---|---|---|---|
| 001 | 43651 | ||
| 003 | cru CRAI/IIS | ||
| 005 | 20210513062542.0 | ||
| 008 | 210512b |||||||| |||| 00| 0 spa d | ||
| 040 | |c cru CRAI/IIS | ||
| 100 | 1 | |a Sierra Pop, Oscar Rolando |9 9769 | |
| 245 | 1 | |a Iglesia y conflicto social en Guatemala / |c Oscar Rolando Sierra Pop | |
| 500 | |a Colección Centroamérica | ||
| 650 | |a IGLESIA | ||
| 650 | |a CONFLICTOS SOCIALES | ||
| 650 | |a GUATEMALA | ||
| 650 | |a ECONOMIA | ||
| 650 | |a CONFLICTOS POLITICOS | ||
| 650 | |a INVERSIONES EXTRANJERAS | ||
| 650 | |a FUERZAS ARMADAS | ||
| 773 | |g volumen11, número33 ( , 1982), páginas 59-91 | ||
| 773 | 0 | |0 18875 |9 5334 |a Universidad de Costa Rica. |d San José, Costa Rica: Universidad de Costa Rica. Consejo Superior Universitario Centroamericano, 1972- |o 14007 |t Estudios Sociales Centroamericanos / |x 03039676 | |
| 942 | |2 ddc |c PP | ||
| 999 | |c 38385 |d 38385 | ||
